Phương pháp đọc diễn cảm
Trình bày quan niệm và cơ sở lý luận của đọc diễn cảm, phương pháp và biện pháp đọc diễn cảm. Hướng dẫn cách đọc tác phẩm văn học theo loại thể
Kaydedildi:
| Yazar: | |
|---|---|
| Materyal Türü: | Kitap |
| Dil: | Vietnamese |
| Baskı/Yayın Bilgisi: |
H.
Đại học Sư phạm
2015
|
| Edisyon: | In lần thứ 6 |
| Konular: | |
| Etiketler: |
Etiketle
Etiket eklenmemiş, İlk siz ekleyin!
|
| Thư viện lưu trữ: | Mạng thư viện Đại học Đà Nẵng |
|---|
| LEADER | 01366nam a2200361 4500 | ||
|---|---|---|---|
| 001 | 000024271 | ||
| 003 | 20757 | ||
| 005 | 20161109141159.0 | ||
| 008 | 161104s2015 viesd | ||
| 020 | |c 25000đ | ||
| 041 | 0 | |a vie | |
| 082 | 1 | 4 | |a 372.416 |b HA-G |
| 100 | 1 | |a Hà Nguyễn Kim Giang | |
| 245 | 1 | 0 | |a Phương pháp đọc diễn cảm |c Hà Nguyễn Kim Giang |
| 250 | |a In lần thứ 6 | ||
| 260 | |a H. |b Đại học Sư phạm |c 2015 | ||
| 300 | |a 160tr. |c 21 cm. | ||
| 500 | |a Phụ lục: tr. 106-160 | ||
| 520 | 3 | |a Trình bày quan niệm và cơ sở lý luận của đọc diễn cảm, phương pháp và biện pháp đọc diễn cảm. Hướng dẫn cách đọc tác phẩm văn học theo loại thể | |
| 650 | 0 | 4 | |a Giáo dục tiểu học |x Phương pháp đọc |
| 653 | |a Phương pháp giảng dạy | ||
| 653 | |a Giáo dục mẫu giáo | ||
| 653 | |a Tiếng Việt | ||
| OWN | |a LSP | ||
| AVA | |a UDN50 |b LSP |d 372.416 HA-G |e available |t Error 5001 Not defined in file expand_doc_bib_avail. |f 5 |g 0 |h N |i 0 |k 1 | ||
| 999 | |a From the UDN01 | ||
| AVA | |a UDN50 |b LSP |d 372.416 HA-G |e available |t Error 5001 Not defined in file expand_doc_bib_avail. |f 5 |g 0 |h N |i 0 |k 1 | ||
| TYP | |a Monograph | ||
| TYP | |a Printed language | ||
| 980 | |a Mạng thư viện Đại học Đà Nẵng | ||